000 00278nam a2200121Ia 4500
008 140130s9999 xx 000 0 und d
245 _cLionni, Leo
_aFish is fish
260 _bScholastic,
_c1970
440 _v1
521 _aGrade 3 - Grade 4
942 _cBK
999 _c40981
_d40981